Выборы депутатов Государственной Думы Федерального собрания Российской Федерации (Запись № 1101895)

Подробности
000 -МАРКЕР
контрольное поле 01969nam0a2200361 4500
001 - ИДЕНТИФИКАТОР ЗАПИСИ
контрольное поле RU\NLR\bibl\496437
005 - ИДЕНТИФИКАТОР ВЕРСИИ
контрольное поле 20260407094111.0
010 ## - МЕЖДУНАРОДНЫЙ СТАНДАРТНЫЙ НОМЕР КНИГИ (ISBN)
Номер (ISBN) 5-94723-693-1
Тираж 4000
021 ## - НОМЕР ГОСУДАРСТВЕННОЙ РЕГИСТРАЦИИ
Код страны российская федерация
Номер 2003-67630
Номер Листа государственной регистраци 3335
035 ## - ДРУГИЕ СИСТЕМНЫЕ НОМЕРА
Идентификатор записи (NLR Aleph) 000489062
100 ## - ДАННЫЕ ОБЩЕЙ ОБРАБОТКИ
Данные общей обработки 20040303d2003 |||y0rusy50 ca
101 0# - ЯЗЫК РЕСУРСА
Язык текста, звукозаписи и т.д. русский
102 ## - СТРАНА ПУБЛИКАЦИИ ИЛИ ПРОИЗВОДСТВА
Страна публикации российская федерация
105 ## - ПОЛЕ КОДИРОВАННЫХ ДАННЫХ: ТЕКСТОВЫЕ МАТЕРИАЛЫ, МОНОГРАФИЧЕСКИЕ
Кодированные данные о монографическом текстовом документе y |||||||||
200 1# - ЗАГЛАВИЕ И СВЕДЕНИЯ ОБ ОТВЕТСТВЕННОСТИ
Основное заглавие Выборы депутатов Государственной Думы Федерального собрания Российской Федерации
Сведения, относящиеся к заглавию В вопр. и ответах
-- Полит.-юрид. справ. для кандидатов, организаторов и юных участников избират. кампаний
Первые сведения об ответственности Под ред. Д.В. Нежданова, Д.А. Сударушкина
210 ## - ПУБЛИКАЦИЯ, РАСПРОСТРАНЕНИЕ И ДР.
Место издания, распространения и т.д. СПб. и др.
Имя издателя, распространителя и т. д. Питер
-- Питер Принт
Дата издания, распространения и т.д. 2003
215 ## - ФИЗИЧЕСКАЯ ХАРАКТЕРИСТИКА
Специфическое обозначение материала и объем 181 с.
Размеры 21
225 1# - СЕРИЯ
Основное заглавие серии Серия "Библиотека политического консультирования"
225 1# - СЕРИЯ
Основное заглавие серии Вне серии
320 ## - ПРИМЕЧАНИЯ О НАЛИЧИИ В ДОКУМЕНТЕ БИБЛИОГРАФИИ / УКАЗАТЕЛЯ
Текст примечания Библиогр.: с. 180-181
601 01 - НАИМЕНОВАНИЕ ОРГАНИЗАЦИИ КАК ПРЕДМЕТ
Начальный элемент ввода Российская Федерация
Структурное подразделение организации Федеральное собрание
Формальный подзаголовок Справочники
Тематический подзаголовок Государственная дума
-- Депутаты
-- Выборы
Системный номер авторитетной/нормативной записи 1744436
Идентификатор авторитетной/нормативной записи RU\NLR\auth\661076732
601 01 - НАИМЕНОВАНИЕ ОРГАНИЗАЦИИ КАК ПРЕДМЕТ
Начальный элемент ввода Российская Федерация
Структурное подразделение организации Государственная Дума
Формальный подзаголовок Справочники
Тематический подзаголовок Депутаты
-- Выборы
Системный номер авторитетной/нормативной записи 2140023
Идентификатор авторитетной/нормативной записи RU\NLR\auth\661289958
686 ## - ИНДЕКСЫ ДРУГИХ КЛАССИФИКАЦИЙ
Индекс Х620.526.2я2
686 ## - ИНДЕКСЫ ДРУГИХ КЛАССИФИКАЦИЙ
Индекс Х620.611.32Ря2
702 #1 - ИМЯ ЛИЦА - ВТОРИЧНАЯ ОТВЕТСТВЕННОСТЬ
Код отношения Редактор
Материалы, к которым относится поле rus
Графика поля Кириллица
Начальный элемент ввода Нежданов
Часть имени, кроме начального элемента ввода Д.В.
Расширение инициалов личного имени Денис Викторович
Идентификатор авторитетной/нормативной записи RU\NLR\AUTH\7714014
Системный номер авторитетной/нормативной записи 123692
712 01 - НАИМЕНОВАНИЕ ОРГАНИЗАЦИИ - ВТОРИЧНАЯ ОТВЕТСТВЕННОСТЬ
Код отношения Прочие
Начальный элемент ввода Российская Федерация
Структурное подразделение Государственная Дума
Идентификатор авторитетной/нормативной записи RU\NLR\AUTH\889918056
Системный номер авторитетной/нормативной записи 332252
801 #0 - ИСТОЧНИК ЗАПИСИ
Страна российская федерация
Организация NLR
Дата составления 20040303
Правила каталогизации PSBO
801 #1 - ИСТОЧНИК ЗАПИСИ
Страна российская федерация
Организация NLR
Дата составления 20040303
942 ## - ДОПОЛНИТЕЛЬНЫЕ ЭЛЕМЕНТЫ ЗАПИСИ (АБИС)
Тип экземпляра АБИС Книга
980 ## - КОЛЛЕКЦИЯ
Название коллекции Национальная библиография
Экземпляры
Тип экземпляра Дата поступления Источник поступления Библиотека постоянного хранения Библиотека текущего хранения Место хранения Шифр хранения Штрих-код Статус не для выдачи
Книга 03.03.2004 Обязательный экземпляр РНБ (Московский) РНБ (Московский) Русский книжный фонд: издания с 1957 года, 3этаж 2004-3/4839 645692  
Книга 03.03.2004 Обязательный экземпляр РНБ (Московский) РНБ (Московский) Русский книжный фонд: издания с 1957 года, 3этаж 2004-3/4839 645728